Wittgenstein's philosophy of mathematics
Αποθηκεύτηκε σε:
| Κύριος συγγραφέας: | |
|---|---|
| Μορφή: | Βιβλίο |
| Γλώσσα: | English |
| Δημοσίευση: |
London :
Routledge,
1994
|
| Θέματα: | |
| Ετικέτες: |
Προσθήκη ετικέτας
Δεν υπάρχουν, Καταχωρήστε ετικέτα πρώτοι!
|
MARC
| LEADER | 00000nam a2200000 i 4500 | ||
|---|---|---|---|
| 001 | 1/75519 | ||
| 008 | 990506s1994 eng d | ||
| 020 | |a 0-415-02483-8 | ||
| 035 | |l 10049359 | ||
| 040 | |a GR-MY-UA |b gre |e aacr | ||
| 041 | 0 | |a eng | |
| 082 | 0 | |a 510.1 | |
| 100 | 1 | |a Frascolla, Pasquale |d 1952- | |
| 245 | 1 | 0 | |a Wittgenstein's philosophy of mathematics / |c Pasquale Frascolla |
| 260 | |a London : |b Routledge, |c 1994 | ||
| 300 | |a viii, 189 p.; |c 24 cm. | ||
| 500 | |a Includes bibliographical references and index | ||
| 600 | 1 | 0 | |a Wittgenstein, Ludwig, |d 1889-1951. |
| 650 | 0 | 0 | |a Mathematics |x Philosophy. |
| 852 | |a INST |b RHODES |e 19990507 |h 510.1 FRA |p 005400015310 |q 005400015310 |t BK |y 0 | ||
| 852 | |a INST |b SAMOS |e 19990506 |h 510.1 FRA |p 005300012782 |q 005300012782 |t BK |y 0 | ||
| 901 | |a BIBL3-1999-2 | ||
| 901 | |a BIBL4-1999-2 | ||
| 909 | |a Σ |b 063669 | ||
| 909 | |a Ρ |b 064916 | ||
| 922 | |a 3ΕΛΗ |b 199901 |c ΚΠΣ |d GLORY | ||
| 922 | |a 4ΕΛΗ |b 199903 |d LEADER | ||